| 000 | 00490nam a2200169Ia 4500 | ||
|---|---|---|---|
| 008 | 230917s9999||||xx |||||||||||||| ||und|| | ||
| 040 |
_e232576 _aMAIN |
||
| 041 | _aEnglish | ||
| 082 | _a660.6024576 G469M(2) | ||
| 100 | _aGlazer, Alexander N | ||
| 245 | 0 | _aMicrobial biotechnology: Fundamentals of applied microbiology | |
| 250 | _a2nd ed. | ||
| 260 |
_aCambridge _bCambridge University Press _c2007 |
||
| 300 | _axvii, 554 p. | ||
| 500 | _a2303 15/03/2016 Main Budget | ||
| 942 | _cBK | ||
| 999 |
_c18410 _d18410 |
||